00800nam a2200229Ia 4500003000400000005001700004008004100021020001800062040001800080041000800098082002200106100002500128245019000153250001200343260004400355300002300399650002200422650002800444650004500472700002700517700002600544OSt20250926154015.0210716s2017 xx 000 0 und d a9781788295260 cAIMIT LIBRARY aeng a005.768 21bYUAL aYu, Allen Chi Shing. aMatplotlib 2.x by example: multi-dimensional charts graphs and plots :bmulti-dimensional charts graphs and plots /cBy Allen Chi Shing Yu, Claire Yik Lok Chung and Aldrin Kay Yuen Yim. a1st ed. aMumbai :bPackt Publishing Ltd ,c2017. a314p. ;bPBc24 cm aFigure aesthetics aVisualizing online data aAdding interactivity and animating plots aChung, Claire Yik Lok. aYim, Aldrin Kay Yuen.